A tiltakozók sem maradtak otthon

Elmentve itt :
Bibliográfiai részletek
Szerző: Nagy István
Dokumentumtípus: Cikk
Megjelent: 1977-01-13
Sorozat:Délmagyarország 67 No. 10
Kulcsszavak:Textilművek
Online Access:http://dmarchiv.bibl.u-szeged.hu/106683
LEADER 00460nab a2200157 i 4500
001 delm106683
005 20190605120350.0
008 190605s1977 hu o 0|| hun d
040 |a SZTE Délmagyarország Archívum  |b hun 
041 |a hun 
100 1 |a Nagy István, 
245 1 2 |a A tiltakozók sem maradtak otthon  |h [elektronikus dokumentum] /  |c Földeáki Nagy István, 
260 |c 1977-01-13 
300 |a 3 
490 0 |a Délmagyarország  |v 67 No. 10 
695 |a Textilművek